| 000 | 00343cam a22001337a 4500 | ||
|---|---|---|---|
| 008 | 180718b1951 xxu||||| |||| 00| 0 eng d | ||
| 082 | _aA6 B982 | ||
| 100 | _aButterfield, Herbert | ||
| 245 |
_aHistory and human relations _cby Herbert Butterfield |
||
| 260 |
_aLondon _bCollins _c1951 |
||
| 300 | _a254p. | ||
| 500 | _a10/6 | ||
| 650 | _aHistory | ||
| 999 |
_c361323 _d361323 |
||